000 00709nam a22002177a 4500
999 _c18934
_d18934
003 AR-CdUCM
008 190515b ||||| |||| 00| 0 spa d
040 _aMUNICIPALIDAD PROVINCIAL DEL CUSCO
_cBIBLIOTECA MUNICIPAL DEL CUSCO
082 _a985.009 /
_bCH27
110 _aPerú. Fuerza Aérea
_939860
245 _aHomenaje nacional a Jorge Chavez 23 setiembre 1957 /
260 _aLima :
_c1957.
300 _a232 página ;
_bIlustraciones,
_c22.5 cm.
505 _aContenido: Homenaje nacional a Jorge Chavez 23 setiembre 1957.
650 _aJorge Chávez
_939861
650 _aAviadores
_915344
650 _aPerú
_935
650 _aBiografía
_922
942 _2ddc
_cLIBROS
945 _aacv
_d2019-05-15